MDQL
is popping MORE tags! Check the
thread
!
Quizzes
Events
Quiz Creation
Community
Videos
Private Events
Remove Ads
Sign In
Join for FREE
Feedback
Dark Mode
Quiz Categories
Sports
Geography
Music
Movies
Television
Just For Fun
Miscellaneous
History
Literature
Language
Science
Gaming
Entertainment
Religion
Holiday
For Kids
Quiz Lab
Recent
Popular Today
Quiz Kudos Today
Editor Picks
Curator Picks
Quizzes by...
Day
Popularity
Type
Ratings
Length
Year
Community
Subscriptions
Recent Discussions
Orange Saloon
Badges
Playlists
Quests
Create
Leaderboards
Showdown
Live 5
Trivia Bingo
Activity
Puzzle Library
Sporcle Events
Private Events
Virtual Trivia
Globe League
Become a Host
Pub Owners
SporcleCon
Opinionation
Our Games
Videos
Blog
Mobile Apps
Partnerships
Remove Ads and Go Orange
Feedback
Literature
Harry Potter
A Song of Ice and Fire
The Hunger Games
Literary Character
Shakespeare
Book
Author
Novel
Poem
Young Adult
Children's Books
Play
Lord of the Rings
Literature
Harry Potter
A Song of Ice and Fire
The Hunger Games
Literary Character
Shakespeare
Book
Author
Novel
Poem
Young Adult
Children's Books
Play
Lord of the Rings
Random Quiz
Search Sporcle
×
Curator Pick
Curator Pick
Literature
Book
Select answers by clicking on text or image buttons
Select answers by clicking on text or image buttons
Clickable
Best Score? Go Orange.
Book by Chapter 7's First Line Stats
Can you pick the book by the first line of its seventh chapter?
By
Dumbledore999
6m
17 Questions
211 Plays
211 Plays
211 Plays
Comments
Comments
Give Quiz Kudos
Give Quiz Kudos
-
- Ratings
hide this ad
Forced Order
Answers have to be entered in order
Answers have to be entered in order
Replay
Link that replays current quiz
Next Quiz
Link to next quiz in quiz playlist
You Got
0%
They Got
Avg Score
61%
Avg Friend Score
Upgrade to see
Score Distribution
Jump to the score distribution portion of the page
Score
0/17
Timer
06:00
0
Plays Today
% Correct
Charlie and the Chocolate Factory
96.2%
To Kill a Mockingbird
93.8%
The Three Musketeers
89.6%
The Hitchhiker's Guide to the Galaxy
88.2%
Lord of the Flies
82.9%
Holes
67.3%
Narrative of the Life of Frederick Douglass
65.9%
Sense and Sensibility
64.9%
Harry Potter and the Sorcerer's Stone
62.6%
% Correct
The Outsiders
58.8%
Memoirs of a Geisha
57.3%
The Giver
55%
Animal Farm
42.2%
A Separate Peace
31.8%
The Time Machine
31.8%
The Lovely Bones
27.5%
The Bell Jar
25.6%
Quiz Playlist
Details
Report
Send in Message
Add To Playlist
Clickable:
Select answers by clicking on text or image buttons
Forced Order:
Answers have to be entered in order
Last Updated: Feb 16, 2017
Curator Pick in
Book
Quiz Scoreboard
CHALLENGE
Sign Up to Join the Scoreboard
Show All
Scores
Hide
Comments
May contain spoilers
Recently Published
Image Sorting: Flags VI
by Barbecue
Geography
2m
Find the 'City' Movie
by crazypaving
Movies
60s
Colored Red Africa Blitz
by spor1
Geography
45s
More to Explore
Quiz From the Vault
Featured Blog Post
14 Easter Pick-up Lines to Find Eggs With
hide this ad
You Might Also Like...
Tags
Book Quiz
Children's Books Quiz
Novel Quiz
Book Series
Chapter
Chapter 7
Today's Top Quizzes in Literature
Browse Literature
hide this ad
Today's Top Quizzes in Book
Browse Book
Top Contributed Quizzes in Literature
1
Sneaky Slytherin Logic Puzzle
2
Harry Potter logic puzzle: The Hogwarts Soap Opera
3
Harry Potter Slytherin Logic Puzzle
4
Get The Picture: Black or White Literature
5
ASOIAF Siblings Logic Puzzle
6
'Middle' Earth
7
A Song of Ice and Fire Logic Puzzle
8
Harry Potter Logic Puzzle 1
9
Logic Puzzle: Avoid Dumbledore's Army
10
Mini Trivia Sudoku: A Song of Ice and Fire
Explore More
Trending Topics
Harry Potter
Anime
Kpop
NBA
Disney
Crossword
Marvel
The Office
Song
NFL
Puzzle
Pokémon
Country
WWE
Soccer
hide this ad
More By:
Dumbledore999
Quiz
Plays
Rating
Category
Featured
Created
Best 'Of' Literature
81,934
4.44
Literature
Sep 1, 2013
Self-Centered Disney
65,993
4.41
Movies
Sep 28, 2014
Adjectives in Books
65,617
4.35
Literature
Mar 20, 2014
Fill in the Blank: 'The Office' Quotes
30,742
4.80
Television
Nov 14, 2018
Sources of Faulkner's Titles
9,281
4.73
Literature
Aug 16, 2016
Go to Creator's Profile
Score Distribution
Quiz Creator Spotlight
Dumbledore999
Follow
Send a Message
Quizzes Created
-
Created Quiz Play Count
-
More By This Creator
Popular Quizzes Today
1
Colored Red Africa Blitz
2
Find the US States - No Outlines Minefield
3
Find the 'City' Movie
4
5x2 Blitz: Bands
5
The Countries of the World
6
Find the US States
7
Find the Countries of Europe - No Outlines Minefield
8
US States
More Literature Quizzes
Books by Primary Color
Published
Trending Quizzes
Colored Red Europe Blitz I
Colored Red Europe Blitz II
Colored Red Africa Blitz II
Colored Red Europe Blitz III
Colored Red Africa Blitz III
Recently Updated
How Do You Spell That?
pecheneg
Godzilla Movies
pecheneg
Grab Bag: 4-10 Letters
pecheneg
2024 March Madness Bracket
pecheneg
Famous TV Couples
Peacemaker
Champions League XIs: Real Madrid
pecheneg
Largest US Cities 1790-2010
pecheneg
Rides in Walt Disney World
pecheneg
Most Oscar Losses (Acting)
pecheneg
Beyoncé Albums
pecheneg
Trending Topics
Disney
Harry Potter
Kpop
Marvel
NBA
Crossword
Anime
NFL
WWE
Country
Song
The Office
Puzzle
Soccer
Pokémon
Your Account Isn't Verified!
In order to create a playlist on Sporcle, you need to verify the email address you used during registration. Go to your
Sporcle Settings
to finish the process.
Report this User
Report this user for behavior that violates our
Community Guidelines
.
Details:
Send Report
Go to the Sporcle.com Mobile Site →
Comments